000 00530nam a2200181Ia 4500
003 GCL
008 140319s9999 xx 000 0 eng d
040 _aGCL /
_cGCL
082 0 4 _a778.53
_bS M
100 1 _aSAMUELSAON, DAVID W.
245 1 0 _aMOTION PICTURE CAMERA AND LIGHTING EQUIPMENT /
_cSAMUELSAON, DAVID W.
260 _a[S.N] :
_bFOCAL PRESS ،
_c1986
300 _a238
650 0 4 _aMOVING PICTURE - CAMERES
650 0 4 _aCINEMATOGRAPHY APPARATUS AND SUPPLIES
650 0 4 _aCINEMATOGRAPHY LIGHTING
942 _2ddc
_cBK
999 _c17269
_d17269